000 00815nam a2200241 i 4500
001 15683
003 ES-MaACL
005 20250808012057.0
007 t|
008 000504s1995 sp ||||0| spa j
020 _a84-87715-54-0
080 _a271-055.2(460.27 M.)
100 1 _aMuñoz Fernández, Angela.
_984413
245 1 0 _aAcciones e intenciones de mujeres
_b: vida religiosa de las madrileñas (ss. XV-XVI) /
_cAngela Muñoz Fernández.
260 _aMadrid :
_bHoras y Horas,
_c[1995]
300 _a222 p. ;
_c21 cm.
490 1 _aMujeres en Madrid
650 4 _aÓrdenes y congregaciones religiosas de mujeres-
_zMadrid.
_9154947
650 0 7 _aVida monástica y religiosa femenina
_2embne
_9155560
830 0 _aMujeres en Madrid
_9179213
852 _aES-MaACL
_jL-23058
999 _c15683
_d15683